E-mobility in Slovakia and Norway - The Current Situation a Position in the EV Readiness Index

Prostredníctvom tohto článku chceme poukázať na tému e-mobility ako dôležitej témy pre budúcnosť dopravy. Osobitnú pozornosť budeme venovať aktuálnej situácii e-mobility na Slovensku av Nórsku, pretože Nórsko je lídrom v elektromobilite. V prvom rade definujeme hlavnú terminológiu o téme e-mobilita....

Ausführliche Beschreibung

Gespeichert in:
Bibliographische Detailangaben
1. Verfasser: Čerňanová, Lucia, 1997-
Weitere Verfasser: Hojdik, Vladimír, 1992-, Repiská, Radka, 1996-
Format: Buchkapitel
Sprache:Englisch
Schlagworte:
Tags: Tag hinzufügen
Keine Tags, Fügen Sie das erste Tag hinzu!

MARC

LEADER 00000naa a2200000 4500
001 0289744
005 20240502074437.0
041 0 |a eng 
044 |a SK 
245 1 0 |a E-mobility in Slovakia and Norway - The Current Situation a Position in the EV Readiness Index  |c Lucia Čerňanová, Vladimír Hojdik, Radka Repiská 
520 |a Prostredníctvom tohto článku chceme poukázať na tému e-mobility ako dôležitej témy pre budúcnosť dopravy. Osobitnú pozornosť budeme venovať aktuálnej situácii e-mobility na Slovensku av Nórsku, pretože Nórsko je lídrom v elektromobilite. V prvom rade definujeme hlavnú terminológiu o téme e-mobilita. V ďalších častiach sa venujeme odpisu aktuálnej situácie na Slovensku a v Nórsku a komparácii vývoja elektromobility v týchto dvoch krajinách. Výsledkom tohto článku by malo byť odhalenie rozdielov medzi malou európskou krajinou a top lídrom v elektromobilite. V čom sú nedostatky Slovenska v porovnaní s porovnateľne veľkým (v pomere k počtu obyvateľov) Nórskom. V tomto článku budeme pracovať okrem iného aj s hodnotami EV Readiness Index 2021. 
610 2 0 |a doprava 
610 2 0 |a elektromobilita 
610 2 0 |a Slovensko 
610 2 0 |a Nórsko 
100 1 |a Čerňanová, Lucia, 1997- 
700 1 |a Hojdik, Vladimír, 1992- 
700 1 |a Repiská, Radka, 1996-